00713nam a2200229 a 450000100060000000300080000600500170001400800410003103500190007204000260009104100080011708200250012510000250015024500860017525000110026126000440027230000330031650000190034965000440036870000480041270000230046063765BD-RjUL20211209081230.0170204s1975 nyu 001 0 eng d a(BD-RjUL)63895 aBD-RjULbengcBD-RjUL aeng a658.870973bDAR 19751 aDavidson, William R.10aRetailing management /cWilliam R. Davidson, Daniel J. Sweeney, Ronald W. Stampfl a4th ed aNew York ;aChichester :bWiley,cc1975 axix, 883 p. :bill. ;c25 cm aIncludes index 0aRetail tradezUnited StatesxManagement1 aSweeney, Daniel J.q(Daniel Joseph),d1943-1 aStampfl, Ronald W.